Psicoanálisis para la persona / (Record no. 41185)

MARC details
000 -LEADER
campo de control de longitud fija 00637nam a2200205 i 4500
001 - NÚMERO DE CONTROL
campo de control 41185
003 - IDENTIFICADOR DE NÚMERO DE CONTROL
campo de control ES-MaACL
005 - FECHA Y HORA DE LA ÚLTIMA TRANSACCIÓN
campo de control 20231114062530.0
007 - CAMPO FIJO DE DESCRIPCIÓN FÍSICA--INFORMACIÓN GENERAL
campo de control de longitud fija t|
008 - DATOS DE LONGITUD FIJA--INFORMACIÓN GENERAL
campo de control de longitud fija 030310s1965 sp ||||1| spa d
100 1# - ENTRADA PRINCIPAL--NOMBRE DE PERSONA
Nombre de persona Caruso, Igor A.
9 (RLIN) 35921
245 10 - MENCIÓN DEL TÍTULO
Título Psicoanálisis para la persona /
Mención de responsabilidad, etc. Igor A. Caruso ; [traducción de Rosa Tanco Duque].
260 ## - PUBLICACIÓN, DISTRIBUCIÓN, ETC.
Lugar de publicación, distribución, etc. Barcelona :
Nombre del editor, distribuidor, etc. Seix Barral,
Fecha de publicación, distribución, etc. 1965.
300 ## - DESCRIPCIÓN FÍSICA
Extensión 241 p. ;
Dimensiones 18 cm.
490 1# - MENCIÓN DE SERIE
Mención de serie Biblioteca breve ;
Designación de volumen o secuencia 210
700 1# - ENTRADA AGREGADA--NOMBRE PERSONAL
Nombre de persona Tanco Duque, Rosa.
9 (RLIN) 109179
830 0# - PUNTO DE ACCESO ADICIONAL DE SERIE-TÍTULO UNIFORME
Título uniforme Biblioteca breve (Seix Barral)
Designación de volumen o secuencia 210
9 (RLIN) 227188
852 ## - LOCALIZACIÓN
Ubicación ES-MaACL
Número de control de estantería C-27742
Sublocalización o colección R.56670
Holdings
Estatus retirado Estado de pérdida Estado de daño No para préstamo Biblioteca de origen Biblioteca actual Ubicación en estantería Fecha de adquisición Fuente de adquisición Total de préstamos Signatura topográfica completa Código de barras Visto por última vez Precio de reemplazo Tipo de ítem Koha
        Biblioteca del Ateneo de Madrid Biblioteca del Ateneo de Madrid Depósito 2 17/01/2008     C-27742 1043359 23/02/2023 23/02/2023 Libro impreso